[Event "Mittelfrank Regionalliga Sud-West 2223"]
[White "Weichelt, Jens"]
[Black "Schamberger, Alfons"]
[Site "Mittelfranken"]
[Round "1.3"]
[Result "1/2-1/2"]
[Date "2022.10.09"]
[WhiteElo "2032"]
[BlackElo "2051"]
[PlyCount "47"]
[EventDate "2022.10.09"]
[EventType "team-tourn"]
[EventRounds "9"]
[EventCountry "GER"]
[SourceTitle "EXT 2024"]
[Source "ChessBase"]
[SourceDate "2023.10.10"]
[SourceVersion "1"]
[SourceVersionDate "2023.10.10"]
[SourceQuality "1"]
[WhiteTeam "Augsburg Rochade"]
[BlackTeam "Sendling"]
[WhiteTeamCountry "GER"]
[BlackTeamCountry "GER"]

1. d4 Nf6 2. c4 g6 3. Nc3 Bg7 4. Nf3 0-0 5. g3 d6 6. Bg2 c6 7. 0-0 Nbd7 8. Qc2 Re8 9. e4 e5 10. d5 h6 11. Rd1 c5 12. Ne1 Rf8 13. f3 Ne8 14. Be3 f5 15. Nd3 Rf7 16. Qd2 Kh7 17. f4 Nef6 18. exf5 gxf5 19. fxe5 Ng4 20. e6 Nxe3 21. exf7 Nxd1 22. Rxd1 Ne5 23. Nxe5 Bxe5 24. Rf1 1/2-1/2

[Event "Regionalliga SW 1314"]
[White "Braun, Thomas1"]
[Black "Schamberger, Alfons"]
[Site "Bayern"]
[Round "8.3"]
[Result "0-1"]
[Date "2014.03.16"]
[WhiteElo "2061"]
[BlackElo "2157"]
[PlyCount "72"]
[EventDate "2013.10.13"]
[EventType "team-tourn"]
[EventRounds "9"]
[EventCountry "GER"]
[SourceTitle "EXT 2015"]
[Source "ChessBase"]
[SourceDate "2014.11.20"]
[SourceVersion "1"]
[SourceVersionDate "2014.11.20"]
[SourceQuality "1"]
[WhiteTeam "Bayern Muenchen III"]
[BlackTeam "Sendling"]
[WhiteTeamCountry "GER"]
[BlackTeamCountry "GER"]

1. d4 Nf6 2. c4 g6 3. Nc3 Bg7 4. e4 d6 5. Nf3 0-0 6. Be2 e5 7. Be3 Nc6 8. d5 Ne7 9. Nd2 Ne8 10. b4 f5 11. f3 Rf7 12. c5 Bf8 13. Nc4 Kh8 14. a4 Ng8 15. 0-0 f4 16. Bf2 Ngf6 17. Nb5 a6 18. Nc3 g5 19. b5 g4 20. b6 g3 21. hxg3 fxg3 22. Bxg3 Nh5 23. bxc7 Rxc7 24. Bf2 Rg7 25. Ne3 Nf4 26. g4 Be7 27. Bg3 Qa5 28. Qd2 Qxc3 29. Qxc3 Nxe2+ 30. Kf2 Nxc3 31. Ra3 Nxe4+ 32. fxe4 Nf6 33. cxd6 Bxd6 34. Rb3 Nxe4+ 35. Kg2 Bxg4 36. Nc4 Be2 0-1

[Event "Regionalliga SW 1314"]
[White "Schamberger, Alfons"]
[Black "Cuadrado, Guillermo"]
[Site "Bayern"]
[Round "7.3"]
[Result "1-0"]
[Date "2014.02.23"]
[WhiteElo "2157"]
[BlackElo "2049"]
[PlyCount "95"]
[EventDate "2013.10.13"]
[EventType "team-tourn"]
[EventRounds "9"]
[EventCountry "GER"]
[SourceTitle "EXT 2015"]
[Source "ChessBase"]
[SourceDate "2014.11.20"]
[SourceVersion "1"]
[SourceVersionDate "2014.11.20"]
[SourceQuality "1"]
[WhiteTeam "Sendling"]
[BlackTeam "Muenchen RTA"]
[WhiteTeamCountry "GER"]
[BlackTeamCountry "GER"]

1. c4 g6 2. Nc3 Bg7 3. d4 c5 4. d5 Bxc3+ 5. bxc3 f5 6. f3 Nf6 7. Bh6 d6 8. Nh3 Qa5 9. Qd2 Nbd7 10. e3 Rg8 11. Be2 Ne5 12. Ng5 Bd7 13. Rb1 b6 14. 0-0 Ba4 15. e4 fxe4 16. Nxe4 0-0-0 17. Bg5 Rgf8 18. Bxf6 exf6 19. f4 Nf7 20. Nxf6 h5 21. Bd3 Nh8 22. Ne4 Kc7 23. Ng5 Bd7 24. Rbe1 Rde8 25. h3 Qa6 26. Kh2 Qc8 27. g3 Rxe1 28. Rxe1 Re8 29. Re3 Rxe3 30. Qxe3 Qe8 31. Ne6+ Kc8 32. g4 hxg4 33. hxg4 Qe7 34. Kg3 Qe8 35. Qe4 Qf7 36. g5 Qg8 37. Kg2 Be8 38. Kg3 Bf7 39. Be2 Be8 40. Bg4 Bd7 41. Bd1 Be8 42. Ng7 Bd7 43. Qe7 Nf7 44. Qf6 Nh8 45. Ne6 Nf7 46. Bc2 Nh8 47. Bd3 Qe8 48. Kf2 1-0

[Event "Regionalliga SW 1314"]
[White "Schamberger, Alfons"]
[Black "Waelzel, Helmut"]
[Site "Bayern"]
[Round "4.2"]
[Result "0-1"]
[Date "2013.12.15"]
[WhiteElo "2157"]
[BlackElo "2249"]
[PlyCount "62"]
[EventDate "2013.10.13"]
[EventType "team-tourn"]
[EventRounds "9"]
[EventCountry "GER"]
[SourceTitle "EXT 2015"]
[Source "ChessBase"]
[SourceDate "2014.11.20"]
[SourceVersion "1"]
[SourceVersionDate "2014.11.20"]
[SourceQuality "1"]
[WhiteTeam "Sendling"]
[BlackTeam "Haar"]
[WhiteTeamCountry "GER"]
[BlackTeamCountry "GER"]

1. d4 Nf6 2. Nf3 e6 3. e3 b6 4. Bd3 c5 5. 0-0 Nc6 6. b3 Be7 7. Bb2 0-0 8. Nbd2 Bb7 9. a3 Qc7 10. Qe2 a5 11. c3 d5 12. e4 dxe4 13. Nxe4 Nxe4 14. Bxe4 Rfd8 15. Rfd1 Bf6 16. Rd2 Rac8 17. Rad1 cxd4 18. cxd4 Ne7 19. d5 Nxd5 20. Bxf6 gxf6 21. Nh4 Qf4 22. g3 Qe5 23. f4 Qc3 24. Kh1 f5 25. Bg2 Qxb3 26. Qh5 Qc3 27. Rd4 f6 28. g4 Qxd4 29. Rxd4 Rc1+ 30. Bf1 Nxf4+ 31. Kg1 Nh3# 0-1

[Event "Regionalliga SW 1213"]
[White "Schamberger, Alfons"]
[Black "Josch, Sylvio"]
[Site "Bayern"]
[Round "9.3"]
[Result "0-1"]
[Date "2013.04.14"]
[WhiteElo "2100"]
[BlackElo "2130"]
[PlyCount "44"]
[EventDate "2012.10.14"]
[EventType "team-tourn"]
[EventRounds "9"]
[EventCountry "GER"]
[SourceTitle "EXT 2015"]
[Source "ChessBase"]
[SourceDate "2014.11.20"]
[SourceVersion "1"]
[SourceVersionDate "2014.11.20"]
[SourceQuality "1"]
[WhiteTeam "Sendling"]
[BlackTeam "Muenchen RTA"]
[WhiteTeamCountry "GER"]
[BlackTeamCountry "GER"]

1. e4 c5 2. Nc3 Nc6 3. g3 e6 4. Bg2 Nf6 5. d3 Be7 6. Nh3 0-0 7. 0-0 Rb8 8. f4 d6 9. g4 Nd4 10. Be3 Nxg4 11. Qxg4 Nxc2 12. Rae1 Nxe1 13. Rxe1 b5 14. f5 b4 15. Bh6 Bf6 16. Nf4 Kh8 17. Nce2 gxh6 18. Nh5 Rg8 19. Qf3 Be5 20. f6 Bb7 21. Qe3 Rg5 22. Neg3 Bd4 0-1

[Event "Regionalliga SW 1213"]
[White "Schamberger, Alfons"]
[Black "Klenk, Robert"]
[Site "Bayern"]
[Round "5.3"]
[Result "1-0"]
[Date "2013.01.13"]
[WhiteElo "2100"]
[BlackElo "2006"]
[PlyCount "75"]
[EventDate "2012.10.14"]
[EventType "team-tourn"]
[EventRounds "9"]
[EventCountry "GER"]
[SourceTitle "EXT 2015"]
[Source "ChessBase"]
[SourceDate "2014.11.20"]
[SourceVersion "1"]
[SourceVersionDate "2014.11.20"]
[SourceQuality "1"]
[WhiteTeam "Sendling"]
[BlackTeam "Bayern Muenchen III"]
[WhiteTeamCountry "GER"]
[BlackTeamCountry "GER"]

1. c4 e5 2. Nc3 Nc6 3. g3 f5 4. Bg2 Nf6 5. e3 Bc5 6. Nge2 d6 7. d4 Bb6 8. b4 a5 9. b5 Ne7 10. Qb3 c6 11. 0-0 Bc7 12. dxe5 dxe5 13. Rd1 Bd7 14. e4 0-0 15. b6 Bb8 16. Na4 Qe8 17. Nc5 Bc8 18. Ba3 Qf7 19. Nc3 f4 20. Rd2 Qh5 21. Qd1 Qf7 22. Rc1 h5 23. Rd8 Ng6 24. Rxf8+ Qxf8 25. Qd3 Bd6 26. N3a4 Kh7 27. Rd1 fxg3 28. Qxd6 gxf2+ 29. Kh1 f1Q+ 30. Bxf1 Bg4 31. Qxf8 Rxf8 32. Re1 Nh4 33. Nxb7 Bf3+ 34. Kg1 Rf7 35. Nd6 Rd7 36. b7 Nxe4 37. b8Q Rxd6 38. Bxd6 1-0

[Event "Regionalliga SW 1213"]
[White "Schamberger, Alfons"]
[Black "Kania, Andreas"]
[Site "Bayern"]
[Round "3.3"]
[Result "0-1"]
[Date "2012.11.25"]
[WhiteElo "2100"]
[BlackElo "1992"]
[PlyCount "114"]
[EventDate "2012.10.14"]
[EventType "team-tourn"]
[EventRounds "9"]
[EventCountry "GER"]
[SourceTitle "EXT 2015"]
[Source "ChessBase"]
[SourceDate "2014.11.20"]
[SourceVersion "1"]
[SourceVersionDate "2014.11.20"]
[SourceQuality "1"]
[WhiteTeam "Sendling"]
[BlackTeam "Haar"]
[WhiteTeamCountry "GER"]
[BlackTeamCountry "GER"]

1. c4 e6 2. Nf3 f5 3. g3 d5 4. Bg2 c6 5. Qc2 Bd6 6. b3 Qe7 7. Bb2 Nf6 8. 0-0 0-0 9. Ne5 a5 10. d3 Nbd7 11. d4 Ne4 12. f3 Nxe5 13. dxe5 Bc5+ 14. e3 Ng5 15. Kh1 Rd8 16. Re1 Bd7 17. Nc3 b5 18. Rac1 Rac8 19. Qe2 Rb8 20. cxb5 cxb5 21. Rc2 Rdc8 22. Rec1 Ba7 23. Qd3 b4 24. Nxd5 exd5 25. Qxd5+ Kf8 26. Rc7 Be6 27. Rxe7 Rxc1+ 28. Bxc1 Bxd5 29. Rxa7 Rc8 30. Bb2 Rc2 31. e4 fxe4 32. fxe4 Nxe4 33. Rxa5 Rxb2 34. Rxd5 Rb1+ 35. Bf1 Rxf1+ 36. Kg2 Rf2+ 37. Kh3 Rxa2 38. Rd4 Ng5+ 39. Kg4 Ne6 40. Rxb4 Rxh2 41. Kf5 Nd8 42. Ra4 Rf2+ 43. Ke4 Rd2 44. Rd4 Rxd4+ 45. Kxd4 Ke7 46. Kd5 Kd7 47. b4 Ne6 48. g4 Nc7+ 49. Ke4 Ke6 50. Kd4 h6 51. Ke4 g6 52. Kd4 Kd7 53. Ke4 Ke7 54. Kd3 Ke6 55. Kd4 Nb5+ 56. Kc4 Na7 57. b5 Nxb5 0-1

[Event "Landesliga Sued 1112"]
[White "Wild, Rudolf"]
[Black "Schamberger, Alfons"]
[Site "Bayern"]
[Round "1.3"]
[Result "1/2-1/2"]
[Date "2011.10.02"]
[WhiteElo "2154"]
[BlackElo "2102"]
[PlyCount "128"]
[EventDate "2011.10.02"]
[EventType "team-tourn"]
[EventRounds "9"]
[EventCountry "GER"]
[SourceTitle "EXT 2013"]
[Source "ChessBase"]
[SourceDate "2012.11.22"]
[SourceVersion "1"]
[SourceVersionDate "2012.11.22"]
[SourceQuality "1"]
[WhiteTeam "Krumbach"]
[BlackTeam "Sendling"]
[WhiteTeamCountry "GER"]
[BlackTeamCountry "GER"]

1. d4 Nf6 2. c4 g6 3. Nc3 Bg7 4. e4 d6 5. Nf3 0-0 6. Be2 e5 7. d5 Nbd7 8. Bg5 a5 9. Nd2 h6 10. Bh4 b6 11. a3 Qe7 12. b4 Bb7 13. 0-0 h5 14. Bg5 Kh7 15. Nb3 axb4 16. axb4 Bh6 17. Bxh6 Kxh6 18. Qc2 Nh7 19. Rxa8 Rxa8 20. Nb5 c6 21. dxc6 Bxc6 22. Qd2+ Kg7 23. Qxd6 Qxd6 24. Nxd6 Ndf6 25. f3 Ra3 26. Rb1 Ba4 27. Bd1 Nd7 28. Na1 Bxd1 29. Rxd1 Rc3 30. c5 bxc5 31. Nb5 Rc4 32. Rxd7 Rc1+ 33. Kf2 Rxa1 34. bxc5 Nf8 35. Rd5 Rc1 36. Rxe5 Nd7 37. Re7 Nxc5 38. Rc7 Nd3+ 39. Ke3 Rxc7 40. Nxc7 Ne5 41. h3 f6 42. f4 Nc6 43. Ne6+ Kf7 44. Nd4 Nb4 45. g3 Ke7 46. Kd2 Na6 47. Ke3 Nc5 48. Nb5 Ke6 49. h4 Ke7 50. Kd4 Nb3+ 51. Kd5 Nd2 52. Nd4 Nf1 53. f5 g5 54. Nc6+ Kf7 55. hxg5 Nxg3 56. g6+ Kg7 57. Nd4 h4 58. Nf3 h3 59. Nh2 Nh5 60. Ng4 Ng3 61. Nh2 Nh5 62. e5 Nf4+ 63. Kd4 fxe5+ 64. Kxe5 Nxg6+ 1/2-1/2

[Event "Landesliga Sued 1011"]
[White "Spiess, Martin"]
[Black "Schamberger, Alfons"]
[Site "Bayern"]
[Round "4.4"]
[Result "1-0"]
[Date "2010.12.12"]
[WhiteElo "2076"]
[BlackElo "2072"]
[PlyCount "129"]
[EventDate "2010.10.10"]
[EventType "team-tourn"]
[EventRounds "9"]
[EventCountry "GER"]
[SourceTitle "EXT 2012"]
[Source "ChessBase"]
[SourceDate "2011.11.24"]
[SourceVersion "1"]
[SourceVersionDate "2011.11.24"]
[SourceQuality "1"]
[WhiteTeam "Ingolstadt"]
[BlackTeam "Sendling"]
[WhiteTeamCountry "GER"]
[BlackTeamCountry "GER"]

1. e4 e6 2. d4 d5 3. Nc3 Bb4 4. e5 c5 5. a3 Bxc3+ 6. bxc3 Ne7 7. Qg4 Qc7 8. Qxg7 Rg8 9. Qxh7 cxd4 10. Ne2 Nbc6 11. f4 dxc3 12. Qd3 d4 13. Nxd4 Nxd4 14. Qxd4 Bd7 15. Rb1 Nf5 16. Qf2 Bc6 17. Rg1 Rd8 18. Bd3 Qd7 19. Rb3 Qd4 20. g4 Nh4 21. Be3 Nf3+ 22. Qxf3 Bxf3 23. Bxd4 Rxd4 24. Kf2 Rxg4 25. Rxg4 Bxg4 26. Ke3 Rd5 27. Rxb7 Bf5 28. Bxf5 exf5 29. Rc7 Rd2 30. Rxc3 Rxh2 31. a4 Kd7 32. Rc4 Rh4 33. Kd3 Rg4 34. Kc3 a5 35. Rd4+ Kc6 36. Kc4 Rh4 37. Rd6+ Kc7 38. Kb5 Rxf4 39. Rf6 Kd7 40. c4 Rf1 41. c5 f4 42. c6+ Kd8 43. Rxf7 f3 44. Kb6 Rb1+ 45. Kxa5 Rf1 46. Kb6 Rb1+ 47. Kc5 Rf1 48. Kd6 Rd1+ 49. Ke6 Rf1 50. a5 f2 51. c7+ Kc8 52. a6 Ra1 53. Rxf2 Rxa6+ 54. Kf7 Rh6 55. Rc2 Rh7+ 56. Kg8 Rh1 57. e6 Rg1+ 58. Kf7 Rf1+ 59. Ke7 Rf3 60. Rc5 Rf1 61. Kd6 Rd1+ 62. Rd5 Rh1 63. e7 Rh8 64. Re5 Re8 65. Rb5 1-0

[Event "Landesliga Sued 1011"]
[White "Schamberger, Alfons"]
[Black "Kunze, Holger"]
[Site "Bayern"]
[Round "3.5"]
[Result "1/2-1/2"]
[Date "2010.11.14"]
[WhiteElo "2072"]
[BlackElo "2118"]
[PlyCount "21"]
[EventDate "2010.10.10"]
[EventType "team-tourn"]
[EventRounds "9"]
[EventCountry "GER"]
[SourceTitle "EXT 2012"]
[Source "ChessBase"]
[SourceDate "2011.11.24"]
[SourceVersion "1"]
[SourceVersionDate "2011.11.24"]
[SourceQuality "1"]
[WhiteTeam "Sendling"]
[BlackTeam "Bayern Muenchen III"]
[WhiteTeamCountry "GER"]
[BlackTeamCountry "GER"]

1. Nf3 e6 2. e4 d5 3. exd5 exd5 4. d4 Nc6 5. Bd3 Bd6 6. 0-0 Nge7 7. c3 Bg4 8. b4 Qd7 9. b5 Nd8 10. Re1 f6 11. Nbd2 1/2-1/2

[Event "Landesliga Sued 1011"]
[White "Schamberger, Alfons"]
[Black "Trapp, Maximilian"]
[Site "Bayern"]
[Round "1.5"]
[Result "1-0"]
[Date "2010.10.10"]
[WhiteElo "2072"]
[BlackElo "2104"]
[PlyCount "93"]
[EventDate "2010.10.10"]
[EventType "team-tourn"]
[EventRounds "9"]
[EventCountry "GER"]
[SourceTitle "EXT 2012"]
[Source "ChessBase"]
[SourceDate "2011.11.24"]
[SourceVersion "1"]
[SourceVersionDate "2011.11.24"]
[SourceQuality "1"]
[WhiteTeam "Sendling"]
[BlackTeam "Freising"]
[WhiteTeamCountry "GER"]
[BlackTeamCountry "GER"]

1. Nf3 d5 2. g3 Nf6 3. Bg2 g6 4. 0-0 Bg7 5. d3 0-0 6. Nbd2 c5 7. e4 Nc6 8. c3 Bg4 9. h3 Bxf3 10. Qxf3 Ne5 11. Qe2 dxe4 12. dxe4 Qd3 13. Re1 Rad8 14. f4 Qxe2 15. Rxe2 Nd3 16. Nf1 Nxc1 17. Rxc1 e5 18. fxe5 Nh5 19. Bf3 Bxe5 20. Kf2 Ng7 21. Rd2 f5 22. Rxd8 Rxd8 23. exf5 Nxf5 24. Bxb7 Kg7 25. Bf3 h5 26. Rd1 Rb8 27. Rd2 h4 28. g4 Ng3 29. Ne3 Kh6 30. Nc4 Rf8 31. Nxe5 Ne4+ 32. Ke3 Nxd2 33. Kxd2 Re8 34. Nf7+ Kg7 35. Bd5 Rb8 36. b3 Rb6 37. Ne5 Rd6 38. c4 Kf6 39. Nd3 Kg5 40. Ke3 Ra6 41. a4 Rf6 42. Nxc5 Rf1 43. Ne4+ Kh6 44. c5 Rh1 45. Nf2 Re1+ 46. Kd4 Re2 47. c6 1-0

[Event "Landesliga Sued 0809"]
[White "Lochte, Thomas"]
[Black "Schamberger, Alfons"]
[Site "Bayern"]
[Round "9.3"]
[Result "1-0"]
[Date "2009.03.29"]
[WhiteElo "2126"]
[BlackElo "2162"]
[PlyCount "63"]
[EventDate "2008.10.05"]
[EventType "team-tourn"]
[EventRounds "9"]
[EventCountry "GER"]
[SourceTitle "EXT 2020"]
[Source "ChessBase"]
[SourceDate "2019.10.17"]
[SourceVersion "1"]
[SourceVersionDate "2019.10.17"]
[SourceQuality "1"]
[WhiteTeam "Weilheim"]
[BlackTeam "Sendling"]
[WhiteTeamCountry "GER"]
[BlackTeamCountry "GER"]

1. e4 e6 2. d4 d5 3. Nd2 Nf6 4. e5 Nfd7 5. Bd3 c5 6. c3 Nc6 7. Ne2 Qb6 8. 0-0 Be7 9. Nf3 0-0 10. Nf4 cxd4 11. cxd4 Nb4 12. Bb1 f5 13. a3 Na6 14. g4 g6 15. gxf5 gxf5 16. Kh1 Kh8 17. Rg1 Rg8 18. Rxg8+ Kxg8 19. Qg1+ Kf7 20. Ng5+ Bxg5 21. Qxg5 Nxe5 22. dxe5 Qxf2 23. Bd3 Qe1+ 24. Kg2 Qxe5 25. Qh5+ Kg7 26. Qe8 h6 27. Nh5+ Kh7 28. Qf7+ Kh8 29. Qf8+ Kh7 30. Nf6+ Kg6 31. Qxh6+ Kf7 32. Qh7+ 1-0

[Event "Landesliga Sued 0809"]
[White "Schamberger, Alfons"]
[Black "Gerstner, Bernhard"]
[Site "Bayern"]
[Round "8.3"]
[Result "0-1"]
[Date "2009.03.15"]
[WhiteElo "2162"]
[BlackElo "2136"]
[PlyCount "94"]
[EventDate "2008.10.05"]
[EventType "team-tourn"]
[EventRounds "9"]
[EventCountry "GER"]
[SourceTitle "EXT 2020"]
[Source "ChessBase"]
[SourceDate "2019.10.17"]
[SourceVersion "1"]
[SourceVersionDate "2019.10.17"]
[SourceQuality "1"]
[WhiteTeam "Sendling"]
[BlackTeam "Ingolstadt"]
[WhiteTeamCountry "GER"]
[BlackTeamCountry "GER"]

1. Nf3 Nf6 2. g3 b6 3. Bg2 Bb7 4. 0-0 e6 5. d3 d5 6. c3 Nbd7 7. Nbd2 c5 8. Re1 Be7 9. e4 dxe4 10. Nxe4 0-0 11. Bf4 Nd5 12. Bd6 Bxd6 13. Nxd6 Bc6 14. Nc4 Qc7 15. Nce5 Nxe5 16. Nxe5 Bb7 17. Qe2 Nf6 18. Rad1 Rad8 19. Bxb7 Qxb7 20. Nf3 b5 21. d4 c4 22. Ne5 Rd6 23. Ra1 Nd5 24. Rec1 Nb6 25. b3 Rc8 26. Rab1 Qd5 27. Qf3 f6 28. Qxd5 Rxd5 29. bxc4 Nxc4 30. Nxc4 Rxc4 31. Re1 Kf7 32. Re3 a6 33. Rbe1 Rd6 34. Rb1 Ra4 35. Rb2 Rc6 36. Kg2 Ra3 37. h4 Raxc3 38. Rxc3 Rxc3 39. a4 bxa4 40. Rb7+ Kg6 41. Rb6 Kf5 42. Rxa6 a3 43. Kg1 Ke4 44. Rxe6+ Kxd4 45. Ra6 Kd3 46. Ra7 Kc2 47. Rxg7 a2 0-1

[Event "Regionalliga SW 0607"]
[White "Schamberger, Alfons"]
[Black "Miskevicer, Boris"]
[Site "Bayern"]
[Round "6.3"]
[Result "1-0"]
[Date "2007.02.25"]
[WhiteElo "2114"]
[BlackElo "2106"]
[PlyCount "109"]
[EventDate "2006.10.15"]
[EventType "team-tourn"]
[EventRounds "9"]
[EventCountry "GER"]
[SourceTitle "EXT 2008"]
[Source "ChessBase"]
[SourceDate "2007.11.25"]
[SourceVersion "1"]
[SourceVersionDate "2007.11.25"]
[SourceQuality "1"]
[WhiteTeam "Muenchen Sendling"]
[BlackTeam "Muenchen Schwabing"]
[WhiteTeamCountry "GER"]
[BlackTeamCountry "GER"]

1. Nf3 Nf6 2. g3 d5 3. Bg2 Nc6 4. d4 Bf5 5. 0-0 e6 6. b3 Be7 7. Bb2 0-0 8. c4 Ne4 9. e3 Rc8 10. Qe2 Na5 11. Rd1 c6 12. Nbd2 Bg4 13. h3 Bh5 14. g4 Bg6 15. Ne5 Nxd2 16. Rxd2 f5 17. Rf1 b6 18. Rc2 Be8 19. Rfc1 g6 20. f4 Kg7 21. g5 Bd6 22. h4 Bxe5 23. dxe5 dxc4 24. bxc4 c5 25. Rd1 Qe7 26. Rd6 Kf7 27. Rcd2 Nb7 28. Qd3 Kg7 29. Qc3 Nd8 30. Kf2 h6 31. Qc1 Rh8 32. Qd1 hxg5 33. Rd7 Bxd7 34. Rxd7 Rc7 35. Rxe7+ Rxe7 36. hxg5 Nb7 37. Bc3 Rd8 38. Qh1 Rh8 39. Qd1 Rd8 40. Qh1 Rh8 41. Qb1 Rd7 42. Ke2 Rhd8 43. Bxb7 Rxb7 44. Qh1 Re7 45. Qh6+ Kf7 46. Qh7+ Ke8 47. Qxg6+ Kd7 48. Qf6 a6 49. a4 Rh7 50. Be1 b5 51. axb5 axb5 52. cxb5 Ra8 53. g6 Rh2+ 54. Kf3 Ra1 55. Qf7+ 1-0

[Event "Regionalliga SW 0607"]
[White "Schamberger, Alfons"]
[Black "Hoy, Bernd"]
[Site "Bayern"]
[Round "3.3"]
[Result "0-1"]
[Date "2006.11.19"]
[WhiteElo "2114"]
[BlackElo "2200"]
[PlyCount "66"]
[EventDate "2006.10.15"]
[EventType "team-tourn"]
[EventRounds "9"]
[EventCountry "GER"]
[SourceTitle "EXT 2008"]
[Source "ChessBase"]
[SourceDate "2007.11.25"]
[SourceVersion "1"]
[SourceVersionDate "2007.11.25"]
[SourceQuality "1"]
[WhiteTeam "Muenchen Sendling"]
[BlackTeam "Klosterlechfeld"]
[WhiteTeamCountry "GER"]
[BlackTeamCountry "GER"]

1. Nf3 d6 2. d4 g6 3. g3 Bg7 4. Bg2 Nf6 5. 0-0 0-0 6. c3 Nc6 7. Bf4 Nh5 8. Be3 e5 9. dxe5 dxe5 10. Qxd8 Rxd8 11. Nbd2 h6 12. Nb3 f5 13. Rfd1 Re8 14. Nc5 g5 15. Nxg5 hxg5 16. Bd5+ Kf8 17. Bxg5 Nf6 18. Bb3 Na5 19. Bc2 Ke7 20. b4 Nc4 21. e4 b6 22. Nb3 Nd6 23. f4 Kf8 24. fxe5 Rxe5 25. Bf4 Nfxe4 26. Bxe5 Bxe5 27. Rf1 Kg7 28. Rad1 Bxc3 29. a3 Bf6 30. Nd2 Bd4+ 31. Kg2 Nxd2 32. Rxd2 Bb7+ 33. Kh3 Rh8# 0-1

[Event "Regionalliga SW 0506"]
[White "Schamberger, Alfons"]
[Black "Baeuml, Ulrich"]
[Site "Bayern"]
[Round "7.3"]
[Result "1/2-1/2"]
[Date "2006.02.19"]
[WhiteElo "2160"]
[BlackElo "1976"]
[PlyCount "73"]
[EventDate "2005.10.23"]
[EventType "team-tourn"]
[EventRounds "9"]
[EventCountry "GER"]
[SourceTitle "EXT 2007"]
[Source "ChessBase"]
[SourceDate "2006.11.23"]
[SourceVersion "1"]
[SourceVersionDate "2006.11.23"]
[SourceQuality "1"]

1. Nf3 c5 2. g3 Nc6 3. Bg2 g6 4. 0-0 Bg7 5. d3 e6 6. e4 Nge7 7. c3 0-0 8. Be3 d6 9. Qc1 Re8 10. Bh6 Bh8 11. Nbd2 Rb8 12. Rd1 b5 13. Nf1 b4 14. c4 Nd4 15. Nxd4 Bxd4 16. Be3 Nc6 17. Bxd4 Nxd4 18. Qd2 Bb7 19. Ne3 Bc6 20. Rf1 a5 21. Rae1 a4 22. f4 f5 23. exf5 Bxg2 24. Qxg2 gxf5 25. Kh1 Kh8 26. Qf2 Rg8 27. Ng2 Qf6 28. Re3 b3 29. axb3 axb3 30. Ree1 Nc2 31. Rb1 Ra8 32. Ne1 Nd4 33. Nf3 Nc2 34. Nd2 Nd4 35. Nf3 Nc2 36. Nd2 Nd4 37. Nf3 1/2-1/2

[Event "Regionalliga SW 0405"]
[White "Stoehr, Herbert"]
[Black "Schamberger, Alfons"]
[Site "Bayern"]
[Round "7.3"]
[Result "1-0"]
[Date "2005.02.13"]
[WhiteElo "1987"]
[BlackElo "2165"]
[PlyCount "67"]
[EventDate "2004.10.24"]
[EventType "team-tourn"]
[EventRounds "9"]
[EventCountry "GER"]
[SourceTitle "EXT 2007"]
[Source "ChessBase"]
[SourceDate "2006.11.23"]
[SourceVersion "1"]
[SourceVersionDate "2006.11.23"]
[SourceQuality "1"]
[WhiteTeam "Muenchen Schwabing/Nord II"]
[BlackTeam "Sendling SC"]
[WhiteTeamCountry "GER"]
[BlackTeamCountry "GER"]

1. e4 c5 2. Nf3 Nc6 3. d4 cxd4 4. Nxd4 g6 5. Be3 Bg7 6. Nc3 d6 7. Bc4 Nf6 8. f3 Bd7 9. Qd2 Rc8 10. Bb3 Ne5 11. 0-0-0 Nc4 12. Bxc4 Rxc4 13. Kb1 0-0 14. g4 a6 15. h4 Qc7 16. h5 Rc8 17. hxg6 fxg6 18. Nde2 Be6 19. Nf4 Qd7 20. Nxe6 Qxe6 21. Rc1 Qe5 22. Bf4 Qc5 23. Be3 Qe5 24. Bf4 Qe6 25. Bh6 Bh8 26. Rhe1 Qf7 27. e5 dxe5 28. Rcd1 Ne8 29. Qd7 R4c7 30. Qd3 Nd6 31. Nd5 Rxc2 32. Nxe7+ Qxe7 33. Qxd6 Rc1+ 34. Bxc1 1-0